00918nam a2200241Ia 450000100060000000300090000600800410001504000130005604000130006904100130008210000190009510000290011424500440014324500370018725000110022426000090023526000140024426000490025830000410030750002650034865000320061365000310064511096IT-RoPAU130308s9999 xx 000 0 und d aIT-RoPAU cIT-RoPAU aITALIANO aIngrao Celeste gCodice Aut. SPICS: 5325 aGuida al corso superiore di giornalismo bCorso superiore di Giornalismo-1 a1a ed. aROMA bAccademia c1977 [1° Ed.:1977 - Ed.Ling.Originale:1977] a"32 p. (prefazione: no ; testo: 32)" aObiettivi del Corso Organizzazione del Corso Informazione comunicazioni di Massa Cultura Generale professione del giornalista quotidiano Stampa Periodica Giornalismo radiotelevisivo Esercitazioni breve scheda degli Autori dei Fascicoli Corso per Corrispondenza aREGIA DELLA STAMPA DI MASSA eCodice materia Spics: 6653